banner-ar

EMBRACING DEFEAT : (Record no. 4640)

MARC details
000 -الفاتح
حقل البيانات ثابتة الطول 00511nam a2200181Ia 4500
008 - عناصر البيانات ثابتة الطول - معلومات عامة
حقل البيانات ثابتة الطول 140319s9999 xx 000 0 eng d
020 ## - الرقم الدولى المعيارى للكتب
الرقم الدولى المعيارى للكتاب 0393046869
040 ## - مصدر الفهرسة
وكالة الفهرسة الأصلية GCL /
وكالة النسخ GCL
082 04 - رقم تصنيف ديوى العشرى
رقم التصنيف 952.04
رقم المادة D E
100 1# - المدخل الرئيسى - إسم شخصى
الإسم الشخصى DOWER, JOHN W.
245 10 - بيان العنوان
العنوان EMBRACING DEFEAT :
بقية العنوان JAPAN IN THE WAKE OF WORLD WAR 11 /
بيان المسئوليه,etc DOWER, JOHN W.
260 ## - PUBLICATION, DISTRIBUTION, ETC. (IMPRINT)
تاريخ النشر أو التوزيع 1999
300 ## - الوصف المادى
التعداد 24 CM ؛
أبعاد الوعاء 676 P
650 04 - المدخل الاضافى بالموضوع-مصطلح موضوعى
مصطلح موضوعي JAPAN
650 04 - المدخل الاضافى بالموضوع-مصطلح موضوعى
مصطلح موضوعي JAPAN - HISTORY, 1945
942 ## - عناصر المدخل الإضافي( كوها)
مصدر التصنيف او مخطط الترفيف Dewey Decimal Classification
Koha [default] item type كتاب
260 ## - PUBLICATION, DISTRIBUTION, ETC. (IMPRINT)
-- نيويورك :
-- W.W.NORTON AND COMPANY ،
Holdings
حالة التراجع حالة الفقد حالة تلف ليس للاعارة المكان المؤقت الموقع الحالى تاريخ الاكتساب اجمالي اﻻعارات رقم الطلب الباركود تاريخ اخر مشاهدة تاريخ تفعيل السعر نوع وعاء كوها
        مكتبة القاهرة الكبرى مكتبة القاهرة الكبرى 03/26/2014   952.04\D E 10473 03/26/2014 03/26/2014 كتاب

Powered By

EGPV